000 00508nam a2200181Ia 4500
005 20250326125313.0
008 250326s9999 xx 000 0 und d
037 _aTextbook
040 _aFMSL
_beng
_cFMSL
041 _aeng
_2eng
084 _aX8v56N6-N4 K3
_qFMSL
100 _aMiller H
_920212
245 0 _aWay of enterprise
_cMiller H
260 _aLondon
_bLondon, Institute Of Economic Affairs
_c1963
300 _a274p
942 _cTB
_hX8v56N6-N4 K3
999 _c1277442
_d1277442